Linus Luu
Cambridge C
Categories
Science - Biology | 0 | 4 | 0 | 0 | 40 | 92 | 109.75 | 0 | 0 |
Science - Other Science | 0 | 4 | 1 | 0 | 35 | 39 | 75.50 | 0 | 2 |
Philosophy | 0 | 3 | 0 | 1 | 30 | 68 | 112.67 | 1 | 1 |
Science - Chemistry | 0 | 2 | 0 | 0 | 20 | 54 | 81.00 | 1 | 1 |
Science - Physics | 0 | 3 | 2 | 0 | 20 | 78 | 103.00 | 0 | 0 |
History - American History | 0 | 1 | 0 | 1 | 10 | 143 | 143.00 | 0 | 0 |
History - Other History | 0 | 1 | 0 | 0 | 10 | 124 | 124.00 | 0 | 0 |
Literature - British Literature | 0 | 1 | 0 | 0 | 10 | 144 | 144.00 | 0 | 0 |
Other | 0 | 1 | 0 | 0 | 10 | 82 | 82.00 | 0 | 1 |
Social Science | 0 | 2 | 3 | 0 | 5 | 61 | 92.50 | 0 | 2 |
Literature - American Literature | 0 | 0 | 1 | 0 | -5 | 0.00 | 0 | 0 |